| 000 | 00973naa a22003137a 4500 | ||
|---|---|---|---|
| 001 | BR7804974 | ||
| 003 | BR-BrBNA | ||
| 005 | 20250714162945.0 | ||
| 007 | ta | ||
| 008 | 250630b bl.|||m| |||| 00| 0 por d | ||
| 040 |
_aBR-BrBNA _bpor _cBiblioteca Nacional de Agricultura |
||
| 041 | _a(Pt) | ||
| 072 |
_aF60 _b1126 _bG514 |
||
| 090 | _aF60 BR7804974 | ||
| 100 | 1 | _aPrudente, R.M. | |
| 100 | 1 | _aSilva, J.U.B. | |
| 100 | 1 | _aSobral, L.F. | |
| 100 | 1 | _aFontes, H.R. | |
| 100 | 1 | _aCunha, G.A.P. da | |
| 245 | 1 | _aNutricao e adubacao do abacaxizeiro - Ananas comosus (L.)Merr [Sergipe; Brasil] | |
| 500 | _aRelatorio anual 1978 Boquim, SE (Brasil): 1978. p. 98-100 (BR7804974-AMS) | ||
| 650 | _aNutricao vegetal | ||
| 650 | _aAbacaxi | ||
| 650 | _aAdubacao | ||
| 650 | _aSergipe | ||
| 490 | _aRelatorio - Superintendencia da Agricultura e Producao. Estacao Experimental de Boquim (Brazil) | ||
| 942 |
_cAMS _2AGRIS |
||
| 909 |
_a202506 _bLúcia _c55 _dLúcia Elande |
||
| 999 |
_c333121 _d333121 |
||